Culture Générale - Série 2645 - Statistiques

Statistiques générales
  • Ce quiz a été pris 120 fois
  • Le résultat moyen est 4 sur 10
Statistiques - réponses
Question Réponse % Correct
Dans quelle ville se trouve la tour Burj Khalifa, haute de 830 m ? voir photo Dubaï
89%
Dans quel art peut-on se servir d'un basson ? musique
62%
Dans la mythologie grecque quel titan fut condamné par Zeus à supporter sur ses épaules la voûte céleste Atlas
59%
Support, réglable en hauteur, sur lequel les peintres posent un tableau en cours d'exécution chevalet
54%
Complétez le titre de la chanson de Georges Brassens : "La cane de ... Jeanne
27%
A quel réalisateur doit-on les films "Intouchables", "Le sens de la fête", "Une année difficile" ? prénom et nom Eric Toledano
22%
Dans quel pays se trouve le massif montagneux des Aurès ? Algérie
20%
Quel écrivain français (1895-1970) est né à Manosque (04) ? prénom et nom Jean Giono
14%
Ouverture rectangulaire pratiquée dans le pont d'un navire et qui permet l'accès aux étages inférieurs écoutille
12%
Quelle partie du corps humain, située entre la cuisse et le mollet, est appelée scientifiquement " fosse poplitée" ? jarret
1%
Aucun quiz correspondant
Distribution des résultats
% des personnes avec chaque résultat
Percentile par nombre de réponses
Votre historique - résultats
Vous n’avez pas pris ce quiz